Statistics for NBA 75th Anniversary list

Click here to take the quiz!

General Stats

  • This quiz has been taken 11 times
  • The average score is 43 of 76

Answer Stats

Answer% Correct
Micheal Jordan
100%
Isiah Thomas
89%
Kevin Durant
89%
Lebron James
89%
Scottie Pippen
89%
Tim Duncan
89%
Wilt Chamberlain
89%
Chris Paul
78%
David Robinson
78%
Jerry West
78%
Kareem Abdul- Jabbar
78%
Kevin Garnett
78%
Kevin McHale
78%
Kobe Bryant
78%
Larry Bird
78%
Magic Johnson
78%
Sam Jones
78%
Shaquille O'Neal
78%
Stephan Curry
78%
Bill Russell
67%
Charles Barkley
67%
Clyde Drexler
67%
Dennis Rodman
67%
Dirk Nowitzki
67%
Dwyane Wade
67%
Gary Payton
67%
James Harden
67%
Jason Kidd
67%
John Stockton
67%
Julius Erving
67%
Karl Malone
67%
Kawai Leonard
67%
Moses Malone
67%
Paul Pierce
67%
Ray Allen
67%
Russell Westbrook
67%
Allen Iverson
56%
Bob Pettit
56%
Carmelo Anthony
56%
Dominque Wilkins
56%
Hakeem Olajuwon
56%
James Worthy
56%
John Havlicek
56%
Lenny Wilkens
56%
Oscar Robertson
56%
Patrick Ewing
56%
Pete Maravich
56%
Reggie Miller
56%
Robert Parish
56%
Steve Nash
56%
Walt Frazier
56%
Anthony Davis
44%
Bill Walton
44%
Bob Cousy
44%
Bob Mcadoo
44%
Damian Lillard
44%
Elgin Baylor
44%
Elvin Hayes
44%
Giannis Antetokounmpo
44%
Jerry Lucas
44%
Wes Unseld
44%
Dave Bing
33%
Dave Cowens
33%
George Gervin
33%
George Mikan
33%
Dave Debusschere
22%
Dolph Schayes
22%
Earl Monroe
22%
Nate Thurmond
22%
Paul Arizin
22%
Rick Barry
22%
Willis Reed
22%
Bill Sharman
11%
Billy Cunningham
11%
Hal Greer
11%
Nate Archibald
11%

Score Distribution

Percentile by Number Answered

Percent of People with Each Score

Your Score History

You have not taken this quiz